0197-幌延町(北海道)の駅(2021~2025) - Statistics

General Stats
  • This quiz has been taken 17 times
  • The average score is 4 of 6
Answer Stats
Answer % Correct
幌延
100%
南幌延
82%
下沼
71%
問寒別
65%
糠南
65%
雄信内
65%
No matching quizzes found
Score Distribution
Percent of People with Each Score
Percentile by Number Answered
Your Score History
You have not taken this quiz